Real Madrid CF Squad 2018-2019 - Statistics

General Stats
  • This quiz has been taken 164 times
  • The average score is 23 of 29
Answer Stats
# Position Nation Player % Correct
1 GK Costa Rica Keylor Navas
97%
4 DF Spain Sergio Ramos
97%
11 FW Wales Gareth Bale
96%
10 MF Croatia Luka Modrić
96%
9 FW France Karim Benzema
94%
8 MF Germany Toni Kroos
94%
2 DF Spain Daniel Carvajal
93%
5 DF France Raphaël Varane
90%
14 MF Brazil Casemiro
89%
12 DF Brazil Marcelo
89%
15 MF Uruguay Federico Valverde
88%
30 GK Algeria Luca Zidane
88%
6 DF Spain Nacho Fernández
88%
25 GK Belgium Thibaut Courtois
88%
- Coach France Zinédine Zidane
88%
7 FW Dominican Republic Mariano Díaz
85%
20 FW Spain Marco Asensio
83%
28 FW Brazil Vinícius Júnior
80%
17 FW Spain Lucas Vázquez
79%
22 MF Spain Isco
76%
13 GK Spain Kiko Casilla
73%
3 DF Spain Jesús Vallejo
72%
24 MF Spain Dani Ceballos
67%
21 FW Morocco Brahim Díaz
65%
19 DF Spain Álvaro Odriozola
52%
- Coach Spain Julen Lopetegui
44%
18 MF Spain Marcos Llorente
44%
- Coach Argentina Santiago Solari
44%
23 DF Spain Sergio Reguilón
37%
No matching quizzes found
Score Distribution
Percent of People with Each Score
Percentile by Number Answered
Your Score History
You have not taken this quiz